Augustin Thierry : (Record no. 160010)
[ view plain ]
| 000 -LEADER | |
|---|---|
| fixed length control field | 00863cam5a220024100 4500 |
| 001 - CONTROL NUMBER | |
| control field | qce00858011 |
| 005 - DATE AND TIME OF LATEST TRANSACTION | |
| control field | 20190826090959.0 |
| 008 - FIXED-LENGTH DATA ELEMENTS--GENERAL INFORMATION | |
| fixed length control field | 740424s1973 sz b 000 0beng |
| 010 ## - LIBRARY OF CONGRESS CONTROL NUMBER | |
| LC control number | 74162093 |
| 035 ## - SYSTEM CONTROL NUMBER | |
| System control number | (Sirsi) r103142 |
| 035 ## - SYSTEM CONTROL NUMBER | |
| System control number | (QCAT)lss00597905 |
| 035 ## - SYSTEM CONTROL NUMBER | |
| System control number | (UPRA)qce00858011 |
| 040 ## - CATALOGING SOURCE | |
| Modifying agency | UPRA |
| 050 0# - LIBRARY OF CONGRESS CALL NUMBER | |
| Classification number | DC 36.98.T4 Smi 1973 |
| 100 1# - MAIN ENTRY--PERSONAL NAME | |
| Personal name | Smithson, Rulon Nephi. |
| Linkage | A60670.1 |
| 245 10 - TITLE STATEMENT | |
| Title | Augustin Thierry : |
| Remainder of title | Social and political consciousness in the evolution of a historical method. |
| 260 ## - PUBLICATION, DISTRIBUTION, ETC. | |
| Place of publication, distribution, etc. | Geneve : |
| Name of publisher, distributor, etc. | Droz, |
| Date of publication, distribution, etc. | (1973) |
| 490 0# - SERIES STATEMENT | |
| Series statement | Histoire des idees et critique litteraire ; |
| Volume/sequential designation | 129 |
| Linkage | S597.1 |
| 504 ## - BIBLIOGRAPHY, ETC. NOTE | |
| Bibliography, etc. note | Bibliography: p. [307-317]. |
| 600 10 - SUBJECT ADDED ENTRY--PERSONAL NAME | |
| Personal name | Thierry, Augustin, 1795-1856. |
| Dates associated with a name | Thierry, Augustin, 1795-1856. |
| Linkage | S46902.1 |
| 949 ## - LOCAL PROCESSING INFORMATION (OCLC) | |
| a | DC 36.98.T4 Smi 1973 |
| w | lcc |
| c | 1 |
| i | 33729000069372 |
| m | MAIN |
| p | 2500 |
| t | BOOK |
| l | ON-SHELF |
No items available.